| 000 | 00617nam a2200217 u 4500 | ||
|---|---|---|---|
| 005 | 20221129063751.0 | ||
| 008 | 130827s2011 mx r 000 0 spa d | ||
| 020 | _a9786071115881 | ||
| 035 | _aUPN01000192490 | ||
| 049 | _aCG | ||
| 050 | 4 |
_aPQ7298.423 A4.6 _bK3.7 |
|
| 100 | 1 |
_aMalpica Maury, Antonio, _d1967- _930238 |
|
| 245 | 1 | 0 |
_aKa súut naj : _bvuelta a casa / _cAntonio Malpica. |
| 260 |
_aMéxico : _bSantillana, _c2011. |
||
| 300 | _a83 p. | ||
| 440 | 0 |
_aAlfaguara. _pRoja |
|
| 650 | 4 |
_aNovela mexicana _ySiglo XXI _916447 |
|
| 650 | 0 |
_aEsclavitud _vNovela _94342 |
|
| 905 | _aLibro | ||
| 999 |
_c164592 _d164592 |
||